New York Counties by Population - Statistics

General Stats
  • This quiz has been taken 77 times
    61 since last reset
  • The average score is 37 of 62
Answer Stats
Population County % Correct
1,418,207 Bronx
100%
2,559,903 Kings
100%
1,356,924 Nassau
100%
1,628,706 New York
100%
2,253,858 Queens
100%
1,476,601 Suffolk
100%
967,506 Westchester
97%
918,702 Erie
94%
474,893 Richmond
94%
741,770 Monroe
90%
460,528 Onondaga
87%
384,940 Orange
84%
325,789 Rockland
81%
305,506 Albany
77%
294,218 Dutchess
77%
190,488 Broome
74%
209,281 Niagara
71%
228,671 Oneida
71%
229,863 Saratoga
71%
158,714 Rensselaer
68%
155,299 Schenectady
65%
177,573 Ulster
65%
4,515 Hamilton
61%
98,320 Putnam
61%
126,903 Chautauqua
58%
102,180 Tompkins
58%
112,842 Jefferson
55%
76,576 Cayuga
48%
83,456 Chemung
48%
80,485 Clinton
48%
117,124 Oswego
48%
17,920 Schuyler
48%
107,740 St. Lawrence
48%
59,461 Columbia
45%
37,459 Essex
45%
47,424 Greene
45%
109,777 Ontario
45%
95,379 Steuben
45%
63,944 Warren
45%
89,918 Wayne
45%
24,913 Yates
45%
46,688 Allegany
42%
47,581 Cortland
42%
44,995 Delaware
42%
53,383 Fulton
42%
57,280 Genesee
42%
26,572 Lewis
42%
62,914 Livingston
42%
70,941 Madison
42%
49,221 Montgomery
42%
59,493 Otsego
42%
30,999 Schoharie
42%
75,116 Sullivan
42%
48,203 Tioga
42%
61,204 Washington
42%
40,305 Wyoming
42%
76,117 Cattaraugus
39%
47,909 Chenango
39%
50,022 Franklin
39%
61,319 Herkimer
39%
40,352 Orleans
39%
34,016 Seneca
39%
No matching quizzes found
Score Distribution
Percent of People with Each Score
Percentile by Number Answered
Your Score History
You have not taken this quiz since the last reset